000 00396nam a22001577a 4500
003 SGT
020 _a978-93-392-2319-9
082 _a536.2
_bCEN
100 _aCENGEL,YUNUS.A.
245 _aHEAT AND MASS TRANSFER :FUNDAMENTALS & APPLICATIONS.
250 _a5TH
260 _aNEW DELHI
_bMC-GRAW HILL EDUCATIONS
_c2016
300 _a944
650 _aMECHANICAL ENGINEERING
942 _2ddc
_cBK
_04
999 _c14326
_d14326